Précis de la géographie universelle, ou, Description de toutes les parties du monde, sur un plan nouveau, d'après les grandes divisions naturelles du globe; précédée de l'histoire de la géographie chez les peuples anciens et modernes, et d'une théorie générale de la geographie mathématique, physique et politique; et accompagnée de cartes, de tableaux analytiques, synoptiques et élémentaires, et d'une table alphabetique des noms de lieux

Detalles Bibliográficos
Autor principal: Malte-Brun, Conrad 1775-1826
Formato: Libro
Lenguaje:French
Publicado: a Paris 1813
Materias:
Colección:Banco de datos
Acervo:Biblioteca Armando Olivares Carrillo de la Universidad de Guanajuato. Fondo Conventos
Descripción Física:4 t. 4°
Tema general:Geografía
Notas:Marca de fuego: Colegio de san Juan de Letrán, ciudad de México
Sello en tinta de la Biblioteca del Colegio de Guanajuato
Falta encuadernación
LEADER 01287nam a22002290004500
035 |a 4092 
041 0 |a fre 
050 4 |a G84  |b M3 
100 1 |a Malte-Brun, Conrad  |d 1775-1826 
245 1 0 |a Précis de la géographie universelle, ou, Description de toutes les parties du monde, sur un plan nouveau, d'après les grandes divisions naturelles du globe; précédée de l'histoire de la géographie chez les peuples anciens et modernes, et d'une théorie générale de la geographie mathématique, physique et politique; et accompagnée de cartes, de tableaux analytiques, synoptiques et élémentaires, et d'une table alphabetique des noms de lieux  |c par M. Malte-Brun 
260 |a a Paris  |b chez Fr. Buisson, libraire-éditeur  |c 1813 
300 |a 4 t.  |c 4° 
500 |a Marca de fuego: Colegio de san Juan de Letrán, ciudad de México 
500 |a Sello en tinta de la Biblioteca del Colegio de Guanajuato 
500 |a Falta encuadernación 
505 0 0 |a t.4 Description de l'Inde, de l'Océanique et de l'Afrique septentrionale 
650 1 0 |a Geografía 
740 0 |a Description de toutes les parties du monde... 
949 |a CO. t. 4 (7388) 
942 |c GUANAJUATO 
943 |g Biblioteca Armando Olivares Carrillo de la Universidad de Guanajuato. Fondo Conventos 
999 |c 1148049  |d 1148049